Musa inaugural de la literatura costarricense : año del centenario de su obra /
Bewaard in:
| Hoofdauteur: | |
|---|---|
| Formaat: | Onbekend |
| Taal: | Spanish |
| Gepubliceerd in: |
San José, Costa Rica :
[editor no identificado],
1990.
|
| Onderwerpen: | |
| Tags: |
Voeg label toe
Geen labels, Wees de eerste die dit record labelt!
|
MARC
| LEADER | 000000000a22000000004500 | ||
|---|---|---|---|
| 001 | 002753 | ||
| 020 | |a 9977630585 | ||
| 041 | 0 | |a spa | |
| 082 | 0 | 4 | |a CR863.3 |b C764r |
| 100 | 1 | |a Contreras Cañas, Rafaela | |
| 245 | 1 | 0 | |a Musa inaugural de la literatura costarricense : |b año del centenario de su obra / |c Rafaela Contreras Cañas. |
| 260 | 1 | |a San José, Costa Rica : |b [editor no identificado], |c 1990. | |
| 300 | |a 200 páginas | ||
| 650 | 4 | |a LITERATURA COSTARRICENSE | |
| 650 | 4 | |a CUENTO | |
| 650 | 4 | |a POESIA | |
| 999 | |c 9111 |d 9111 | ||
| 942 | |c BK |h CR863.3 C764r |2 z | ||



